The 50 Greatest Books Of all Time - Statistics

General Stats
  • This quiz has been taken 248 times
  • The average score is 11 of 50
Answer Stats
Answer % Correct
17 pride and prejudice
62%
7 war and peace
61%
26 1984
57%
5 the great gatsby
53%
14 crime and punishment
52%
32 to kill a mocking bird
47%
6 moby dick
41%
16 the catcher in the rye
40%
27 great expectations
38%
41 jane eyre
37%
15 wuthering heights
37%
19 anna karenina
36%
29 the grapes of wrath
34%
3 Don Quixote
33%
21 the iliad
33%
2 ulysses
33%
12 lolita
31%
9 the odyssey
31%
8 hamlet
30%
23 catch-22
26%
13 the brothers karamazov
23%
24 heart of darkness
20%
45 david copperfield
19%
18 the adventures of huckleberry finn
17%
10 madame bovary
16%
25 the sound and the fury
14%
35 middle march
13%
37 beloved
12%
1 In search of lost time
12%
11 the divine comedy
12%
44 the sun also rises
12%
38 mrs. dalloway
11%
30 absalom absalom!
10%
40 the stranger
10%
22 to the lighthouse
10%
36 gullivers travels
9%
4 one hundred years of solitude
9%
33 the trial
9%
31 invisible man
8%
50 midnights children
6%
48 the magic mountain
6%
49 the portrait of the artist as a young man
6%
34 the red and the black
3%
47 leaves of grass
2%
20 alices adventure in wonderland
1%
43 collected fiction
1%
28 one thousand and one nights
1%
42 the aenied
1%
39 the stories of anton chekov
0%
46 tristam shandy
0%
No matching quizzes found
Score Distribution
Percent of People with Each Score
Percentile by Number Answered
Your Score History
You have not taken this quiz